000 00337 a2200157 4500
001 55513
020 _a
040 _cAnchieta - Pituba
100 _aMarta Santos
240 1 0 _a1ª Geografia, II unidade
_lpor
245 1 0 _a1ª Geografia, II unidade
300 _a9
362 0 _a2017
650 4 _aGeografia e viagens
942 _cBK
999 _c55513
_d55513